000 00210 a2200097 4500
001 18557
100 _aLenger W
245 _aEncyclopedia tarikh-e-alam
260 _a
_bSh ghulam ali
_c
090 _c13786
_d13786
942 _aNUST-CAE
_cM
_c4209
999 _c253630
_d253630